Statystyki dla 2 Liga Polska sezon 2019/2020

Kliknij tutaj aby rozwiązać quiz!

Ogólne statystyki

  • Ten quiz został rozwiązany 81 razy
  • Średni wynik to 10 z 18

Statystyki odpowiedzi

Klub% Poprawnych
Widzew Łódź
79%
Resovia
76%
Stal Rzeszów
76%
Stal Stalowa Wola
75%
Elana Toruń
63%
Górnik Łęczna
63%
Górnik Polkowice
63%
GKS Katowice
61%
Lech II Poznań
55%
Olimpia Elbląg
50%
Garbarnia Kraków
49%
Gryf Wejherowo
49%
Skra Częstochowa
46%
Znicz Pruszków
45%
Błękitni Stargard
43%
Bytovia Bytów
42%
Pogoń Siedlce
39%
Legionovia Legionowo
32%

Rozkład punktacji

Percentyl według liczby udzielonych odpowiedzi

Procent ludzi z każdym wynikiem

Twoja historia wyników

Nie rozwiązałeś tego quizu